Normal view
MARC view
- MARBOL, E. C,WEYL, WOLDEMAR A
Entry Personal Name
001 - CONTROL NUMBER
- control field: 56935
003 - CONTROL NUMBER IDENTIFIER
- control field: NUST
005 - DATE AND TIME OF LATEST TRANSACTION
- control field: 20210628201818.0
008 - FIXED-LENGTH DATA ELEMENTS
- fixed length control field: 210628|| aca||aabn | a|a d
040 ## - CATALOGING SOURCE
- Original cataloging agency: NUST
- Transcribing agency: NUST
100 ## - HEADING--PERSONAL NAME
- Personal name: MARBOL, E. C,WEYL, WOLDEMAR A
670 ## - SOURCE DATA FOUND
- Source citation: Work cat.: (NUST): MARBOL, E. C,WEYL, WOLDEMAR A, THE CONSTITUTION OF GLASSES, 1962
